000 00869nam a2200301Ia 4500
003 OSt
005 20220912151226.0
006 a|||||r|||| 00| 0
007 ta
008 220909b |||||||| |||| 00| 0 eng d
024 _a46046
037 _cTextual
040 _aCSL
_beng
_cCSL
041 _aeng
082 _aH1:15:(C), K6;3 TH
100 _aKeller George V
245 0 _aElectrical methods in geophysical prospecting
260 _aOxford
_bPergoman Press
_c1966
300 _avii, 523p.
_ccm.
490 _aInternational series in electromagnetic waves; 10
500 _aBibliography 515-520p
650 _a Geophysical
650 _a Mineralogy
650 _aGeology
700 _a Frischknecht Frank C
942 _hH1:15:(C), K6;3 TH
_cTEXL
_2CC
999 _c63963
_d63963